000 00626nam a2200229Ia 4500
003 OSt
005 20221005120241.0
006 a|||||r|||| 00| 0
007 ta
008 221004b |||||||| |||| 00| 0 eng d
024 _a70129
037 _cTextual
040 _aCRL
_cCRL
_beng
041 _2eng
_aeng
082 _aA:(P111:4)k, L8
100 _aCollocott M.A. Ed.
_9628862
245 0 _aDictionary of science and technology
260 _c1978
700 _a Doboson A.B. Ed.
_9628863
942 _hA:(P111:4)k, L8
_cTEXL
_2cc
999 _c1037398
_d1037398